Neutron scattering /
Guardado en:
| Otros Autores: | |
|---|---|
| Formato: | Libro |
| Idioma: | English |
| Publicado: |
New York :
Academic Press,
1979.
|
| Series: | Treatise on materials science and technology ;
v. 15 |
| Materias: | |
| Etiquetas: |
Agregar Etiqueta
Sin Etiquetas, Sea el primero en etiquetar este registro!
|
| LEADER | 00856cam a22002415a 4500 | ||
|---|---|---|---|
| 001 | EIQ.libpla001097 | ||
| 008 | 790426s1979####nyua#####b####001#0#eng#d | ||
| 005 | 20060727094756.0 | ||
| 245 | 0 | 0 | |a Neutron scattering / |c edited by G. Kostorz. |
| 260 | |a New York : |b Academic Press, |c 1979. | ||
| 300 | |a xxiv, 523 p. : |b il. ; |c 24 cm. | ||
| 440 | 0 | |a Treatise on materials science and technology ; |v v. 15 | |
| 504 | |a Incluye referencias bibliográficas e índice. | ||
| 020 | |a 0123418151 | ||
| 700 | 1 | |a Kostorz, G., |e ed. |4 edt | |
| 082 | 0 | 0 | |a 620.1/1/08 s |a 539.7/213 |
| 650 | 4 | |a Ciencia y tecnología |x Materiales. | |
| 650 | 4 | |a Neutrones |x Dispersión. | |
| 650 | 0 | |a Neutrons |x Scattering. | |
| 650 | 4 | |a Science and technology |x Materials. | |
| 010 | |a 79012641 | ||
| 040 | |a DLC |c DLC |d AR-BbSID | ||
| 859 | |a AR-BbSID |b BIB. PLAPIQUI |h 620.192 |i T 711 |p 715 |v Vol. 15 |3 Vol. 15 | ||
